00719cam a2200265 a 4500001000700000003000900007005001700016006000700033008003800040010000600078020001800084035000600102040002200108050000900130082000600139100002900145245007000174260004800244300002700292490002300319500005000342500000600392700003200398830002300430 0238 DO-SdBNP20180208110742.0 0238 930428s2010 ag a j 000 1 spa a  a9799870407485 a  aBPMSUcspadBPMSU a b  42 1 aSantis, Pablo de,d1963-13aEl último espía /cPablo de Santis ; ilustrador Max Cachimba  aBuenos Aires :bEditorial Alfaguara,c2010 a68 p. :bil. ;c21 cm.1 aAfaguara infantil  aIncluye datos biográficos del autor : p. 91 a  aCachimba, Max eilustrador  aAfaguara infantil